Представление документа в формате MARC21

ПолеНазваниеЗначение
  Тип записи a
  Библиографический уровень m
001 Контрольный номер RU/URAIT/566589
005 Дата корректировки 20260429163608.4
008 Кодируемые данные 260429s2025 RU y f j 000 0 rus u
020 Индекс ISBN __
a ISBN 978-5-534-15545-7
c Цена, тираж 799.00
040 Источник каталогиз. __
a Служба первич. каталог. ИКО Юрайт
c Служба, преобразующая запись ИКО Юрайт
e Правила каталог. RCR
041 Код языка издания __
a Код языка текста rus
044 Код страны публикации __
a Код страны публикации RU
080 Индекс УДК __
a Индекс УДК 655(075.8)
084 Индекс другой классификации/Индекс ББК __
2 Источник индекса rubbk
a Индекс другой классификации/Индекс ББК 37.8я73
100 Автор __
a Автор Самарин Ю. Н.
q Полное имя Самарин Юрий Николаевич
245 Заглавие __
a Заглавие Технология печатных процессов
b Продолж. заглавия учебник для вузов
c Ответственность Ю. Н. Самарин.
256 Характеристики компьютерного файла __
a Характеристики компьютерного файла Электрон. дан.
260 Выходные данные __
a Место издания Москва
b Издательство Юрайт
c Дата издания 2025
300 Физическое описание __
a Объем 121 с
440 Серия __
a Серия Высшее образование
500 Примечания __
a Примечание URL: https://urait.ru/bcode/566589 (дата обращения: 29.04.2026).
520 Аннотация __
a Аннотация В учебном пособии изложены основные сведения о технологических операциях печатного процесса и оборудовании, используемом на данном этапе производства печатной продукции. Соответствует актуальным требованиям федерального государственного образовательного стандарта высшего образования. Учебное пособие может быть полезно при изучении основ полиграфического производства.
538 Прим. о системных особенностях __
a Прим. о системных особенностях Режим доступа: Электронно-библиотечная система Юрайт, для авториз. пользователей
653 Ключевые слова __
a Ключевые слова Полиграфия
653 Ключевые слова __
a Ключевые слова Технические науки
653 Ключевые слова __
a Ключевые слова Оборудование и технология печати
653 Ключевые слова __
a Ключевые слова Технология печатных процессов
653 Ключевые слова __
a Ключевые слова Цифровые технологии формных процессов флексографской и глубокой печати
653 Ключевые слова __
a Ключевые слова Расчет и проектирование струйных аппаратов
653 Ключевые слова __
a Ключевые слова Технология разработки и печати упаковки
653 Ключевые слова __
a Ключевые слова Технологии флексографской и глубокой печати
653 Ключевые слова __
a Ключевые слова Печать в производстве промышленных изделий и упаковки
856 Электронный адрес документа 40
n Местонахождение сервера Юрайт
g Электронная книга
q Тип электронного формата html
h Имя пользователя ЮРАЙТ
v Часы доступа к ресурсу 20271231
2 Способ доступа Показать документ
x Служебное примечание https://urait.ru/book/cover/29A77B53-5767-45C0-8BD5-C02A3B10C579
u URL https://urait.ru/bcode/566589
856 Электронный адрес документа 48
q Тип электронного формата cover
u URL https://urait.ru/book/cover/29A77B53-5767-45C0-8BD5-C02A3B10C579
911 __
u 0030=https://urait.ru/bcode/566589
911 __
u 073a=9785534155457
u 073d=799.00
911 __
u 106a=s
911 __
u 900l=
952 Тип литературы __
i Дисциплина Оборудование и технология печати
952 Тип литературы __
i Дисциплина Технология печатных процессов
952 Тип литературы __
i Дисциплина Цифровые технологии формных процессов флексографской и глубокой печати
952 Тип литературы __
i Дисциплина Расчет и проектирование струйных аппаратов
952 Тип литературы __
i Дисциплина Технология разработки и печати упаковки
952 Тип литературы __
i Дисциплина Технологии флексографской и глубокой печати
952 Тип литературы __
i Дисциплина Печать в производстве промышленных изделий и упаковки